000 00518nam a2200181Ia 4500
005 20250326125210.0
008 250326s9999 xx 000 0 und d
037 _aTextbook
040 _aFMSL
_beng
_cFMSL
041 _aeng
_2eng
084 _aX3:8M.56175 L0
_qFMSL
100 _aMoonman E
_9738636
245 0 _aCommunication in an expanding organization
_cMoonman E
260 _aLondon
_bLondon, Tavistock
_c1970
300 _a182p
942 _cTB
_hX3:8M.56175 L0
999 _c1276974
_d1276974